<?xml version="1.0" encoding="UTF-8"?><?xml-stylesheet type="text/xsl" href="static/style.xsl"?><OAI-PMH xmlns="http://www.openarchives.org/OAI/2.0/" xmlns:xsi="http://www.w3.org/2001/XMLSchema-instance" xsi:schemaLocation="http://www.openarchives.org/OAI/2.0/ http://www.openarchives.org/OAI/2.0/OAI-PMH.xsd"><responseDate>2026-04-17T19:25:18Z</responseDate><request verb="GetRecord" identifier="oai:www.recercat.cat:2072/464490" metadataPrefix="marc">https://recercat.cat/oai/request</request><GetRecord><record><header><identifier>oai:recercat.cat:2072/464490</identifier><datestamp>2025-10-27T10:07:42Z</datestamp><setSpec>com_2072_98</setSpec><setSpec>col_2072_378192</setSpec></header><metadata><record xmlns="http://www.loc.gov/MARC21/slim" xmlns:dcterms="http://purl.org/dc/terms/" xmlns:xsi="http://www.w3.org/2001/XMLSchema-instance" xmlns:doc="http://www.lyncode.com/xoai" xsi:schemaLocation="http://www.loc.gov/MARC21/slim http://www.loc.gov/standards/marcxml/schema/MARC21slim.xsd">
   <leader>00925njm 22002777a 4500</leader>
   <datafield ind2=" " ind1=" " tag="042">
      <subfield code="a">dc</subfield>
   </datafield>
   <datafield ind2=" " ind1=" " tag="720">
      <subfield code="a">San Martín Zapatero, Aberto</subfield>
      <subfield code="e">author</subfield>
   </datafield>
   <datafield ind2=" " ind1=" " tag="720">
      <subfield code="a">Ortega-Sánchez, Delfín</subfield>
      <subfield code="e">author</subfield>
   </datafield>
   <datafield ind2=" " ind1=" " tag="260">
      <subfield code="c">2022</subfield>
   </datafield>
   <datafield ind2=" " ind1=" " tag="520">
      <subfield code="a">Esta investigación forma parte de la Tesis Doctoral La prehistoria cuenta: incidencia de una metodología aplicada para la didáctica de la prehistoria (Universidad de Burgos, 2019), dirigida por el Dr. Delfín Ortega-Sánchez y el Dr. Juan Alfredo Jiménez Eguizábal, y realizada al amparo del Grupo de Investigación DHISO-UBu.</subfield>
   </datafield>
   <datafield ind2=" " ind1=" " tag="520">
      <subfield code="a">El presente estudio tiene como objetivo analizar las atribuciones de género y los mecanismos de construcción identitaria de las narrativas literarias infantiles sobre prehistoria. Con este objetivo, aplica la técnica de análisis de contenido para describir e interpretar el sentido de los textos y de las ilustraciones desde los parámetros narrativos espacio-acción. Los resultados obtenidos informan de la permanencia de atribuciones y expresiones simbólicas del género desde enfoques androcéntricos, que distorsionan la transposición didáctica de los últimos avances científicos.</subfield>
   </datafield>
   <datafield ind2=" " ind1=" " tag="520">
      <subfield code="a">El present estudi té com a objectiu analitzar les atribucions de gènere i els mecanismes de construcció identitaria de les narratives literàries infantils sobre prehistòria. Amb aquest objectiu, s'aplica la tècnica d'anàlisi de contingut per descriure i interpretar el sentit dels textos i de les il·lustracions des dels paràmetres narratius espai-acció. Els resultats obtinguts informen de la permanència d'atribucions i expressions simbòliques del gènere des d'enfocaments androcèntrics, que limiten la transposició didàctica dels últims avenços científics.</subfield>
   </datafield>
   <datafield ind2=" " ind1=" " tag="520">
      <subfield code="a">This study aims to analyze the gender attributions and identity-building mechanisms of children's literary narratives about prehistory. To this end, it applies the technique of content analysis to describe and interpret the meaning of texts and illustrations from the space-action narrative parameters. The results obtained report the permanence of symbolic attributions and expressions of the genre from androcentric approaches, which limit the didactic transposition of the latest scientific advances.</subfield>
   </datafield>
   <datafield ind2=" " ind1=" " tag="520">
      <subfield code="a">L'objectif de cette étude est d'analyser les attributions de genre et les mécanismes de construction identitaire dans les récits littéraires pour enfants sur la préhistoire. À cette fin, elle applique la technique de l'analyse de contenu pour décrire et interpréter le sens des textes et des illustrations à partir des paramètres de la narration spatio-actionnelle. Les résultats obtenus rendent compte de la permanence des attributions et des expressions symboliques du genre à partir d'approches androcentriques, qui faussent la transposition didactique des dernières avancées scientifiques.</subfield>
   </datafield>
   <datafield tag="653" ind2=" " ind1=" ">
      <subfield code="a">Literatura infantil</subfield>
   </datafield>
   <datafield tag="653" ind2=" " ind1=" ">
      <subfield code="a">Género</subfield>
   </datafield>
   <datafield tag="653" ind2=" " ind1=" ">
      <subfield code="a">Didáctica de las ciencias sociales</subfield>
   </datafield>
   <datafield tag="653" ind2=" " ind1=" ">
      <subfield code="a">Prehistoria</subfield>
   </datafield>
   <datafield tag="653" ind2=" " ind1=" ">
      <subfield code="a">Gènere</subfield>
   </datafield>
   <datafield tag="653" ind2=" " ind1=" ">
      <subfield code="a">Didàctica de les ciències socials</subfield>
   </datafield>
   <datafield tag="653" ind2=" " ind1=" ">
      <subfield code="a">Prehistòria</subfield>
   </datafield>
   <datafield tag="653" ind2=" " ind1=" ">
      <subfield code="a">Children's literature</subfield>
   </datafield>
   <datafield tag="653" ind2=" " ind1=" ">
      <subfield code="a">Gender</subfield>
   </datafield>
   <datafield tag="653" ind2=" " ind1=" ">
      <subfield code="a">Didactics of social sciences</subfield>
   </datafield>
   <datafield tag="653" ind2=" " ind1=" ">
      <subfield code="a">Prehistory</subfield>
   </datafield>
   <datafield tag="653" ind2=" " ind1=" ">
      <subfield code="a">Littérature de jeunesse</subfield>
   </datafield>
   <datafield tag="653" ind2=" " ind1=" ">
      <subfield code="a">Genre</subfield>
   </datafield>
   <datafield tag="653" ind2=" " ind1=" ">
      <subfield code="a">Didactique des sciences sociales</subfield>
   </datafield>
   <datafield tag="653" ind2=" " ind1=" ">
      <subfield code="a">Préhistoire</subfield>
   </datafield>
   <datafield ind2="0" ind1="0" tag="245">
      <subfield code="a">Atribuciones de género y construcción de identidades en la literatura infantil sobre prehistoria</subfield>
   </datafield>
</record></metadata></record></GetRecord></OAI-PMH>